The Postmodern Scene : Excremental Culture and Hyper-Aestherics /

Tallennettuna:
Bibliografiset tiedot
Päätekijä: Kroker, Arthur (autor)
Muut tekijät: Cook, David, 1946- (autor) (autor)
Aineistotyyppi: Kirja
Kieli:englanti
Julkaistu: Nueva York, EUA : St. Martin's Press, 1988, c1988
Painos:2a edición
Sarja:(Culture Texts)
Aiheet:
Tagit: Lisää tagi
Ei tageja, Lisää ensimmäinen tagi!

MARC

LEADER 00000nam^a2200000^a^4500
001 000154784
005 20250521000000.0
009 20260310100405.071
020 |a 0-312-63229-0 
037 |a Acervo ITESO - Biblioteca 
041 |a ING 
082 |a 149. 97  |b KRO 
100 |a Kroker, Arthur  |e (autor) 
245 1 4 |a The Postmodern Scene :  |b Excremental Culture and Hyper-Aestherics /  |c A. Kroker, D. Cook. 
250 |a 2a edición 
264 4 |a Nueva York, EUA :  |b St. Martin's Press,  |c 1988, c1988 
300 |a IV, 230 p. 
336 |a texto  |b txt  |2 rdacontenido 
337 |a sin mediación  |b n  |2 rdamedio 
338 |a volumen  |b nc  |2 rdasoporte 
440 1 |a (Culture Texts) 
649 |a XX 
650 |a Miedo 
650 |a Memoria y Olvido 
650 |a Consumismo 
650 |a Consumo 
650 |a Prácticas Culturales 
650 |a Poder (Ciencias Sociales) 
650 |a Vida Privada 
650 |a Vida Pública 
650 |a Vida Cotidiana 
650 |a Televisión 
650 |a Medios Audiovisuales 
650 |a Tecnologías de Comunicación e Información -  |x Aspectos Sociales y Culturales 
650 |a Mediación de la Comunicación 
650 |a Desarrollo Tecnológico 
650 |a Cultura de Masas 
650 |a Sociedad Postindustrial 
650 |a Cuerpo Humano en el Arte -  |x Historia y Crítica 
650 |a Arte y Sociedad -  |x Historia y Crítica 
650 |a Arte -  |x Historia y Crítica 
650 |a Semiótica y Sociedad 
650 |a Cultura -  |x Filosofía 
650 |a Estética 
650 |a Capitalismo 
650 |a Feminismo 
650 |a Modernidad y Posmodernidad -  |x Tema Principal 
650 |a Filosofía del Siglo XX 
650 |a Barthes, Roland 
650 |a Baudrillard, Jean 
650 |a Foucault, Michel 
650 |a Nietzsche, Friedrich 
700 |a Cook, David,  |d 1946-  |e (autor) 
910 |a Fondo General 
920 |a Impresos - Libros 
930 |a Colección General 
905 |a 101 
901 |a 0500086529  |b IT1  |c ACC  |u 20250521 
902 |a https://opac.biblio.iteso.mx/vufind/Record/000154784